The Sopranos Trivia #2 - Statistics

General Stats
  • This quiz has been taken 242 times
  • The average score is 9 of 21
Answer Stats
Hint Answer % Correct
Janice is confronted by two Russians because she stole what? Prosthetic Leg
72%
What was Green Grove? A Retirement Community
69%
Who hurled a sirloin at Tony because he had to leave? Gloria Trillo
68%
Who told Livia that Tony was going to therapy? Anthony "AJ" Soprano Jr.
67%
Who's estimation of Johnny Sac, as a man, plummeted after an unfortunate event his daughters wedding? Phil Leotardo
62%
What sport is thought to be a stupid f****n game by some? Golf
61%
Phil Leotardo got upset about which kid being killed? His 42 Year Old Kid Brother Billy
61%
Who was buried up on a hill, overlooking a river, with pine cones all around? Richard "Richie" Aprile
59%
Which convict attacked a small business owner and dumped him in a koi pond? Tony Blundetto
51%
Who wanted to tuck Meadow in, but wasn't able to because of emergency dental work? Salvatore "Coco" Cogliano
47%
What side affect does Vito claim his heart medication caused? Homosexuality
46%
Adriana is gifted a club to run by Christopher. What did she rename it to? Crazy Horse
45%
Artie recommends what drink that is similar to a martini, except that it's from Albania and goes down easier? Martina
37%
Tony gets upset at Janice and reminds her that she left him to suffer under their mother while she was off dropping acid and what else? Blowin' Roadies
34%
Tony divulged that which former mob boss rang that bell the whole way home? John Gotti
30%
Tony asked if Carmela and Father Phil played what game? Name That Pope
26%
After Jackie Jr. is seen at a strip club, Tony informs his that he "______ out" Bottomed Out
25%
Who is the famous rockstar that Christopher tells J.T. Dolan would be attending a high stakes poker game? David Lee Roth
15%
Who did Christopher steal a gift basket from after punching her in the face? Lauren Bacall
14%
Who sings a memorable rendition of Marilyn Monroe's "Happy Birthday Mr. President"? Fran Felstein
12%
Who owned that facility, up until he began spreading rumors about Soprano family members? Freddie Capuano
5%
No matching quizzes found
Score Distribution
Percent of People with Each Score
Percentile by Number Answered
Your Score History
You have not taken this quiz